000 00936nam a2200253 i 4500
001 134945
003 ES-MaACL
005 20250817062557.0
007 t|
008 070704s1983 sp ||||1| spa d
080 _a908(462.2)
245 0 0 _aExtremadura.
260 _a[Madrid] :
_bFundación Juan March,
_c[1983]
300 _a370 p. :
_bil. ;
_c30 cm.
505 8 _aContiene: p. 11.--Introducción Geográfica / Angel Cabo Alonso. p. 49.--Introducción histórica / Julio González. p. 93.--Introducción literaria / Cristóbal Cuevas García. p. 133.--Arte / Julián Alvarez Villar
651 _aExtremadura-
_xDescripción.
_98644
700 1 _aCabo Alonso, Angel.
_933233
700 1 _aGonzález, Julio.
_958346
700 0 _aCuevas García, Cristóbal,
_d1933-2013
_942107
700 1 _aAlvarez Villar, Julián.
_920999
710 2 _aFundación Juan March
_94346
852 _aES-MaACL
_jL-6322
999 _c134945
_d134945